000
00286nam a22001337a 4500
008
181015b xxu||||| |||| 00| 0 eng d
020
_a
2900534597695
041
_a
eng
080
_2
6th
_a
159.9
100
_a
49
101
_a
PSI
245
_a
Psychology
_c
Weiten, W
942
_2
udc
_c
BK
999
_c
49755
_d
49755